| 000 | 00673nam a2200133Ia 4500 | ||
|---|---|---|---|
| 008 | 150609s9999 xx 000 0 und d | ||
| 050 |
_aRM 214 _b.Am526 2015 |
||
| 100 | _aAmparado, Resannie A. | ||
| 245 |
_aEffectiveness of syzygium cumini (java plum) crude extract as an alternative to crystal violet in simple stain / _cResannie A. Amparado, Pauleene G. Antonio, Alyssa Kiana Ysabel M. Butingan, Charissa Claireen C. Cruz, Jemille Sarah J. Palma, Joveleen Jonah C. Petalver. |
||
| 260 |
_aLas PiƱas, Philippines : _bSISC, _c2015. |
||
| 300 |
_a65 pages : _bcolor illustrations ; _c28 cm. |
||
| 500 | _aIncludes bibliographical references and appendices. | ||
| 650 | _aPlum | ||
| 999 |
_c285030 _d285030 |
||